[Event "Senta Fantastico op 03"]
[Site "Senta"]
[Date "2025.02.07"]
[Round "4.12"]
[White "Pikula, Dejan"]
[Black "Ratkovic, Milovan"]
[Result "0-1"]
[WhiteElo "2305"]
[BlackElo "2439"]
[PlyCount "60"]
[EventDate "2025.02.05"]
[EventType "swiss"]
[EventRounds "9"]
[EventCountry "SRB"]
[SourceTitle "CB08_2025"]
[SourceDate "2025.02.19"]
[SourceVersion "1"]
[SourceVersionDate "2025.02.19"]
[SourceQuality "1"]

1. e4 c5 2. Nf3 d6 3. d4 cxd4 4. Nxd4 Nf6 5. Nc3 a6 6. h3 e5 7. Nb3 Be7 8. g4 h6 9. Be3 b5 10. Bg2 Nbd7 11. 0-0 0-0 12. a4 b4 13. Ne2 Nb6 14. Nd2 a5 15. c3 bxc3 16. Nxc3 Be6 17. f4 exf4 18. Bxf4 Nc4 19. Nxc4 Bxc4 20. Rf2 Rb8 21. g5 hxg5 22. Bxg5 Nd7 23. Bf4 Nc5 24. Bf1 Bxf1 25. Qxf1 Bf6 26. Nb5 Nxe4 27. Re2 Qb6+ 28. Kh1 Rbe8 29. Qf3 Qc6 30. Rg1 Ng3+ 0-1

[Event "Paracin Prestige op"]
[Site "Paracin"]
[Date "2025.01.19"]
[Round "9"]
[White "Pikula, Dejan"]
[Black "Wang, Hao B"]
[Result "0-1"]
[WhiteElo "2306"]
[BlackElo "2435"]
[PlyCount "114"]
[EventDate "2025.01.11"]
[EventType "swiss"]
[EventRounds "9"]
[EventCountry "SRB"]
[SourceTitle "CB05_2025"]
[SourceDate "2025.01.29"]
[SourceVersion "1"]
[SourceVersionDate "2025.01.29"]
[SourceQuality "1"]

1. e4 c5 2. Nf3 d6 3. Bb5+ Nd7 4. Ba4 a6 5. c3 b5 6. Bc2 Bb7 7. d4 Ngf6 8. Nbd2 e6 9. 0-0 Be7 10. Re1 0-0 11. Nf1 Qc7 12. Ng3 cxd4 13. cxd4 Rac8 14. Bd3 Rfd8 15. a4 b4 16. a5 Nb8 17. Bd2 d5 18. e5 Ne4 19. Qe2 Nxd2 20. Nxd2 Bc6 21. f4 Bb5 22. Bxb5 axb5 23. Qxb5 Qc2 24. Nf3 Qxb2 25. a6 Nc6 26. Red1 Qc2 27. a7 b3 28. Rab1 Nxa7 29. Qxb3 g6 30. Qxc2 Rxc2 31. Rb7 Nc6 32. Ne2 Rc4 33. Rc1 Rc8 34. Kf2 h6 35. Rxc4 dxc4 36. Nd2 Kf8 37. Ne4 c3 38. N2xc3 Nxd4 39. g4 g5 40. Ke3 Nc2+ 41. Kd2 Na3 42. Ke3 Nc4+ 43. Kf3 Nd2+ 44. Ke3 Nf1+ 45. Kf2 Nxh2 46. Kg3 Nf1+ 47. Kf2 Nd2 48. Nxd2 Rxc3 49. f5 Bc5+ 50. Kf1 exf5 51. gxf5 Re3 52. Nc4 Rf3+ 53. Ke2 Rxf5 54. Kd3 Rf4 55. Rc7 Rd4+ 56. Kc3 Rd5 57. Kc2 g4 0-1

[Event "SRB-chT Central"]
[Site "Novi Pazar"]
[Date "2024.10.16"]
[Round "9.2"]
[White "Pikula, Dejan"]
[Black "Ostojic, Nikola"]
[Result "1/2-1/2"]
[WhiteElo "2302"]
[BlackElo "2254"]
[PlyCount "26"]
[EventDate "2024.10.10"]
[EventType "team-tourn"]
[EventRounds "11"]
[EventCountry "SRB"]
[SourceTitle "CB43_2024"]
[Source "Chessbase"]
[SourceDate "2024.10.23"]
[SourceVersion "1"]
[SourceVersionDate "2024.10.23"]
[SourceQuality "1"]
[WhiteTeam "Arandjelovac"]
[BlackTeam "Gornji Milanovac"]
[WhiteTeamCountry "SRB"]
[BlackTeamCountry "SRB"]

1. e4 c6 2. d4 d5 3. Nd2 dxe4 4. Nxe4 Nf6 5. Nxf6+ exf6 6. Bc4 Bd6 7. Qe2+ Be7 8. Nf3 0-0 9. 0-0 Bd6 10. h3 Re8 11. Be3 Nd7 12. Bb3 Nf8 13. Rad1 Ng6 1/2-1/2

[Event "Oberliga Wuerttemberg 2324"]
[Site "Wuerttemberg"]
[Date "2024.01.21"]
[Round "5.2"]
[White "Neyman, Igor"]
[Black "Pikula, Dejan"]
[Result "1/2-1/2"]
[WhiteElo "2304"]
[BlackElo "2321"]
[PlyCount "32"]
[EventDate "2023.09.17"]
[EventType "team-tourn"]
[EventRounds "9"]
[EventCountry "GER"]
[SourceTitle "EXT 2025"]
[Source "ChessBase"]
[SourceDate "2024.10.14"]
[SourceVersion "1"]
[SourceVersionDate "2024.10.14"]
[SourceQuality "1"]
[WhiteTeam "Stuttgart SF"]
[BlackTeam "Jedesheim"]
[WhiteTeamCountry "GER"]
[BlackTeamCountry "GER"]

1. d4 Nf6 2. c4 e6 3. Nf3 Bb4+ 4. Bd2 c5 5. Bxb4 cxb4 6. a3 bxa3 7. Rxa3 0-0 8. e3 b6 9. Nc3 d6 10. Be2 Bb7 11. 0-0 a5 12. Nd2 Na6 13. Bf3 Bxf3 14. Qxf3 Nb4 15. Na2 Nxa2 16. Rxa2 d5 1/2-1/2

[Event "Arandjelovac ASK-12 IM"]
[Site "Arandjelovac"]
[Date "2023.12.16"]
[Round "8"]
[White "Kosic, Dragan"]
[Black "Pikula, Dejan"]
[Result "1/2-1/2"]
[WhiteElo "2402"]
[BlackElo "2336"]
[PlyCount "20"]
[EventDate "2023.12.11"]
[EventType "tourn"]
[EventRounds "9"]
[EventCountry "SRB"]
[SourceTitle "CBM 217 Extra"]
[Source "ChessBase"]
[SourceDate "2024.01.31"]
[SourceVersion "1"]
[SourceVersionDate "2024.01.31"]
[SourceQuality "1"]

1. d4 Nf6 2. Nf3 g6 3. g3 Bg7 4. Bg2 0-0 5. 0-0 d6 6. Nc3 Nbd7 7. e4 e5 8. dxe5 Nxe5 9. Nxe5 dxe5 10. Qxd8 Rxd8 1/2-1/2

[Event "Arandjelovac ASK-12 IM"]
[Site "Arandjelovac"]
[Date "2023.12.15"]
[Round "7"]
[White "Pikula, Dejan"]
[Black "Alikhanyan, Artak"]
[Result "1/2-1/2"]
[WhiteElo "2336"]
[BlackElo "2209"]
[PlyCount "53"]
[EventDate "2023.12.11"]
[EventType "tourn"]
[EventRounds "9"]
[EventCountry "SRB"]
[SourceTitle "CBM 217 Extra"]
[Source "ChessBase"]
[SourceDate "2024.01.31"]
[SourceVersion "1"]
[SourceVersionDate "2024.01.31"]
[SourceQuality "1"]

1. e4 c5 2. Nf3 d6 3. Bb5+ Nd7 4. 0-0 a6 5. Bd3 Ngf6 6. c3 b5 7. Bc2 c4 8. a4 Bb7 9. axb5 axb5 10. Rxa8 Qxa8 11. Na3 Bxe4 12. Bxe4 Nxe4 13. Nxb5 Qa5 14. d3 Qxb5 15. dxe4 e6 16. Nd4 Qa6 17. Qh5 Nc5 18. Be3 Be7 19. Nc2 Qb7 20. Bxc5 dxc5 21. Qg4 0-0 22. Rb1 Rd8 23. Ne3 Qb3 24. e5 Qa2 25. Rf1 Qxb2 26. Qxc4 Qd2 27. g3 1/2-1/2

[Event "Arandjelovac ASK-11 IM"]
[Site "Arandjelovac"]
[Date "2023.12.05"]
[Round "2"]
[White "Pikula, Dejan"]
[Black "Sredojevic, Ivan"]
[Result "1/2-1/2"]
[WhiteElo "2336"]
[BlackElo "2267"]
[PlyCount "39"]
[EventDate "2023.12.04"]
[EventType "tourn"]
[EventRounds "9"]
[EventCountry "SRB"]
[SourceTitle "CBM 217 Extra"]
[Source "ChessBase"]
[SourceDate "2024.01.31"]
[SourceVersion "1"]
[SourceVersionDate "2024.01.31"]
[SourceQuality "1"]

1. d4 Nf6 2. Nf3 e6 3. c4 d5 4. Nc3 Be7 5. cxd5 exd5 6. Bg5 c6 7. Qc2 0-0 8. e3 Nh5 9. Bxe7 Qxe7 10. Be2 Nf6 11. 0-0 Bg4 12. Rab1 a5 13. a3 Nbd7 14. b4 axb4 15. axb4 Bh5 16. b5 Bg6 17. Bd3 Bxd3 18. Qxd3 Ne4 19. bxc6 bxc6 20. Rfe1 1/2-1/2

[Event "SRB-chT 1st League CS"]
[Site "Paracin"]
[Date "2023.10.02"]
[Round "4.2"]
[White "Pikula, Dejan"]
[Black "Ozsakallioglu, Okan"]
[Result "1/2-1/2"]
[WhiteElo "2327"]
[BlackElo "2277"]
[PlyCount "20"]
[EventDate "2023.09.30"]
[EventType "team-tourn"]
[EventRounds "11"]
[EventCountry "SRB"]
[SourceTitle "CBM 216 Extra"]
[Source "ChessBase"]
[SourceDate "2023.11.30"]
[SourceVersion "1"]
[SourceVersionDate "2023.11.30"]
[SourceQuality "1"]
[WhiteTeam "Arandjelovac"]
[BlackTeam "Valjevo Krusik"]
[WhiteTeamCountry "SRB"]
[BlackTeamCountry "SRB"]

1. e4 c5 2. Nf3 e6 3. d4 cxd4 4. Nxd4 Nf6 5. Nc3 Nc6 6. a3 d5 7. Bb5 Bd7 8. exd5 exd5 9. 0-0 Be7 10. h3 0-0 1/2-1/2

[Event "Arandjelovac op 2nd"]
[Site "Arandjelovac"]
[Date "2023.08.02"]
[Round "4"]
[White "Zhukov, Anton"]
[Black "Pikula, Dejan"]
[Result "1/2-1/2"]
[WhiteElo "2270"]
[BlackElo "2313"]
[PlyCount "53"]
[EventDate "2023.07.31"]
[EventType "swiss"]
[EventRounds "9"]
[EventCountry "SRB"]
[SourceTitle "CBM 215 Extra"]
[Source "ChessBase"]
[SourceDate "2023.09.30"]
[SourceVersion "1"]
[SourceVersionDate "2023.09.30"]
[SourceQuality "1"]

1. d4 d6 2. e4 g6 3. c4 Bg7 4. Nc3 e5 5. d5 a5 6. Bd3 Na6 7. Nge2 Ne7 8. 0-0 0-0 9. Bc2 f5 10. exf5 Nxf5 11. Ne4 Nc5 12. N2c3 b6 13. Bg5 Qe8 14. Qd2 Nd4 15. Rae1 h6 16. Be3 Nxc2 17. Qxc2 Nxe4 18. Nxe4 Bf5 19. f3 g5 20. h3 Qg6 21. Bc1 Rf7 22. b3 Bd7 23. Qe2 Bf8 24. Bd2 Be7 25. Rf2 Kh7 26. Ref1 Rff8 27. Rc1 1/2-1/2

[Event "Arandjelovac op 2nd"]
[Site "Arandjelovac"]
[Date "2023.08.01"]
[Round "3"]
[White "Pikula, Dejan"]
[Black "Jaiveer, Mahendru"]
[Result "1-0"]
[WhiteElo "2313"]
[BlackElo "2222"]
[PlyCount "119"]
[EventDate "2023.07.31"]
[EventType "swiss"]
[EventRounds "9"]
[EventCountry "SRB"]
[SourceTitle "CBM 215 Extra"]
[Source "ChessBase"]
[SourceDate "2023.09.30"]
[SourceVersion "1"]
[SourceVersionDate "2023.09.30"]
[SourceQuality "1"]

1. e4 c5 2. Nf3 d6 3. Bb5+ Nd7 4. 0-0 Ngf6 5. Re1 a6 6. Bf1 e5 7. c3 Be7 8. d4 b5 9. a4 bxa4 10. Qxa4 0-0 11. d5 Ne8 12. Na3 Nb6 13. Qa5 g6 14. Nc4 Rb8 15. Nfd2 f5 16. Nxb6 Rxb6 17. Nc4 Rb8 18. Qxd8 Bxd8 19. f3 fxe4 20. fxe4 Rf7 21. Bd3 Kg7 22. Be3 Bc7 23. Rf1 Rxf1+ 24. Kxf1 Nf6 25. Ke2 Ng4 26. Bg1 Nf6 27. Kd2 Ne8 28. Kc2 h6 29. Bf2 Bd8 30. Bg3 Bc7 31. Bh4 Kg8 32. Rf1 g5 33. Bf2 Bd7 34. Ne3 Ba4+ 35. Kc1 Bb5 36. c4 Bd7 37. Be1 Ng7 38. g4 Bd8 39. Bc2 h5 40. Nf5 Nxf5 41. gxf5 Kh7 42. Bd1 Be8 43. Bd2 Bf6 44. Rf3 h4 45. Ra3 Rb6 46. Kc2 Kh6 47. Rh3 Kg7 48. Kb1 Rb8 49. Ka2 Bd8 50. Ra3 Ra8 51. b4 Kh6 52. bxc5 dxc5 53. Rh3 Kg7 54. Rb3 Kh6 55. Rb7 h3 56. Bg4 Bh5 57. Bxh3 Bf3 58. Be3 Bxe4 59. Bg4 Rc8 60. h4 1-0

[Event "Paracin op 16th"]
[Site "Paracin"]
[Date "2023.07.12"]
[Round "6"]
[White "Pikula, Dejan"]
[Black "Phatak, Aanjaneya"]
[Result "1/2-1/2"]
[WhiteElo "2339"]
[BlackElo "2040"]
[PlyCount "117"]
[EventDate "2023.07.07"]
[EventType "swiss"]
[EventRounds "9"]
[EventCountry "SRB"]
[SourceTitle "EXT 2024"]
[Source "ChessBase"]
[SourceDate "2023.10.10"]
[SourceVersion "1"]
[SourceVersionDate "2023.10.10"]
[SourceQuality "1"]

1. e4 c5 2. Nf3 d6 3. d4 cxd4 4. Nxd4 Nf6 5. Nc3 g6 6. Be3 Bg7 7. f3 0-0 8. Qd2 Nc6 9. 0-0-0 d5 10. exd5 Nxd5 11. Nxc6 bxc6 12. Bd4 e5 13. Bc5 Re8 14. Ne4 Qc7 15. Bc4 Be6 16. h4 Rad8 17. Bb3 h6 18. g4 f5 19. gxf5 gxf5 20. Ng3 Kh8 21. Qf2 Qf7 22. Ne2 a5 23. Rhg1 Rb8 24. f4 Qb7 25. Bd6 a4 26. Rxg7 Kxg7 27. Bxe5+ Kh7 28. Bxa4 Ra8 29. Bb3 Nb4 30. Bxe6 Rxe6 31. a3 Na2+ 32. Kb1 Rxa3 33. Rg1 Rg6 34. Rxg6 Kxg6 35. Qg2+ Kh5 36. Ng3+ Rxg3 37. Qxg3 Nb4 38. Qf3+ Kg6 39. h5+ Kh7 40. c3 Nd5 41. c4 Nb6 42. Qb3 c5 43. Qb5 Qe4+ 44. Ka2 Qxc4+ 45. Qxc4 Nxc4 46. Bc7 Kg8 47. Kb3 Ne3 48. Bd6 c4+ 49. Kb4 Kf7 50. Kc5 Ke6 51. Be5 Nf1 52. Bg7 Ng3 53. Kxc4 Nxh5 54. Bxh6 Kd6 55. Kd4 Nf6 56. Bf8+ Kc6 57. Be7 Nd5 58. Bg5 Kd6 59. Bh6 1/2-1/2

[Event "Paracin op 16th"]
[Site "Paracin"]
[Date "2023.07.11"]
[Round "5"]
[White "Pikula, Dejan"]
[Black "Vasilkov, Nikolay"]
[Result "0-1"]
[WhiteElo "2339"]
[BlackElo "1834"]
[PlyCount "56"]
[EventDate "2023.07.07"]
[EventType "swiss"]
[EventRounds "9"]
[EventCountry "SRB"]
[SourceTitle "EXT 2024"]
[Source "ChessBase"]
[SourceDate "2023.10.10"]
[SourceVersion "1"]
[SourceVersionDate "2023.10.10"]
[SourceQuality "1"]

1. d4 Nf6 2. Nf3 e6 3. Bf4 d5 4. e3 Bd6 5. Nbd2 c5 6. c3 0-0 7. Bd3 Nc6 8. Bg3 b6 9. Qe2 Qc7 10. Rd1 e5 11. e4 Re8 12. dxc5 bxc5 13. exd5 Nd4 14. Qe3 e4 15. Nxe4 Nxe4 16. 0-0 Nf6 17. Qd2 Nxf3+ 18. gxf3 Bh3 19. Rfe1 Nh5 20. Bb5 Rxe1+ 21. Rxe1 Nxg3 22. hxg3 Bxg3 23. fxg3 Qxg3+ 24. Kh1 Bg2+ 25. Qxg2 Qxe1+ 26. Kh2 Qe5+ 27. f4 Qxf4+ 28. Kg1 Rd8 0-1

[Event "Brcko 1st"]
[Site "Brcko"]
[Date "2023.07.02"]
[Round "7"]
[White "Muratovic, Alija"]
[Black "Pikula, Dejan"]
[Result "1-0"]
[WhiteElo "2505"]
[BlackElo "2332"]
[PlyCount "89"]
[EventDate "2023.06.28"]
[EventType "tourn"]
[EventRounds "9"]
[EventCountry "BIH"]
[SourceTitle "EXT 2024"]
[Source "ChessBase"]
[SourceDate "2023.10.10"]
[SourceVersion "1"]
[SourceVersionDate "2023.10.10"]
[SourceQuality "1"]

1. e4 d6 2. d4 Nf6 3. Nc3 e5 4. Nf3 Nbd7 5. Bc4 Be7 6. 0-0 0-0 7. Re1 c6 8. a4 a5 9. h3 h6 10. Be3 Re8 11. Qd2 exd4 12. Qxd4 Bf8 13. Rad1 Qc7 14. Nh4 Ne5 15. Be2 g5 16. Nf3 Be6 17. Qd2 Rad8 18. h4 g4 19. Nd4 Kh7 20. Bd3 Bg7 21. Nd5 cxd5 22. exd5+ Nxd3 23. Qxd3+ Kg8 24. dxe6 fxe6 25. Nb5 Qe7 26. Qg6 d5 27. Bxh6 Rd7 28. Nd4 Qf7 29. Qxg7+ Qxg7 30. Bxg7 Kxg7 31. Nxe6+ Kg8 32. Nf4 Rxe1+ 33. Rxe1 Kf7 34. Re5 b6 35. Rf5 Kg7 36. Nh5+ Nxh5 37. Rxh5 Rc7 38. Rxd5 Rxc2 39. Rb5 Rc4 40. b3 Rc6 41. Kh2 Rf6 42. Kg3 Kh7 43. Rg5 Rd6 44. Kxg4 Rd2 45. Rf5 1-0

[Event "Brcko 1st"]
[Site "Brcko"]
[Date "2023.07.01"]
[Round "6"]
[White "Pikula, Dejan"]
[Black "Pucovski, Miroslav"]
[Result "1/2-1/2"]
[WhiteElo "2332"]
[BlackElo "2231"]
[PlyCount "100"]
[EventDate "2023.06.28"]
[EventType "tourn"]
[EventRounds "9"]
[EventCountry "BIH"]
[SourceTitle "EXT 2024"]
[Source "ChessBase"]
[SourceDate "2023.10.10"]
[SourceVersion "1"]
[SourceVersionDate "2023.10.10"]
[SourceQuality "1"]

1. e4 e5 2. Nf3 Nf6 3. Nxe5 d6 4. Nf3 Nxe4 5. d3 Nf6 6. d4 Be7 7. Nc3 0-0 8. Bd3 d5 9. 0-0 Nc6 10. Re1 Nb4 11. Bf1 Bf5 12. Re2 Re8 13. a3 Nc6 14. Ne5 Ne4 15. Nxe4 dxe4 16. Nxc6 bxc6 17. Re1 c5 18. Bb5 Bd7 19. Bxd7 Qxd7 20. dxc5 Qxd1 21. Rxd1 Bxc5 22. Bf4 c6 23. Rd7 Kf8 24. Rad1 Re7 25. Rd8+ Rxd8 26. Rxd8+ Re8 27. Bd6+ Bxd6 28. Rxd6 Rc8 29. Kf1 Ke7 30. Rd4 f5 31. Ra4 Rc7 32. Ke2 Kd6 33. h4 Kd5 34. Ke3 c5 35. Ra6 g6 36. g3 Rg7 37. b3 Rb7 38. c4+ Ke5 39. b4 cxb4 40. Ra5+ Ke6 41. axb4 Rxb4 42. Ra6+ Ke5 43. Ra5+ Ke6 44. Ra6+ Ke5 45. Rxa7 Rxc4 46. Rxh7 Rc3+ 47. Ke2 Rc2+ 48. Ke3 Rc3+ 49. Ke2 Rc2+ 50. Ke3 Rc3+ 1/2-1/2

[Event "Brcko 1st"]
[Site "Brcko"]
[Date "2023.06.30"]
[Round "5"]
[White "Mikanovic, Sandro"]
[Black "Pikula, Dejan"]
[Result "1/2-1/2"]
[WhiteElo "2307"]
[BlackElo "2332"]
[PlyCount "38"]
[EventDate "2023.06.28"]
[EventType "tourn"]
[EventRounds "9"]
[EventCountry "BIH"]
[SourceTitle "EXT 2024"]
[Source "ChessBase"]
[SourceDate "2023.10.10"]
[SourceVersion "1"]
[SourceVersionDate "2023.10.10"]
[SourceQuality "1"]

1. d4 d5 2. c4 e6 3. Nc3 Nf6 4. Nf3 Be7 5. cxd5 exd5 6. Bg5 0-0 7. e3 c6 8. Bd3 Nbd7 9. 0-0 Re8 10. Qc2 Nf8 11. Rab1 a5 12. a3 g6 13. h3 Ne6 14. Bh6 Ng7 15. b4 axb4 16. axb4 Bf5 17. Bxg7 Bxd3 18. Qxd3 Kxg7 19. Rfc1 b5 1/2-1/2